Очерки психофизиологии детей с синдромом дефицита внимания с гиперактивностью (Запись № 1470452)

Подробности
000 -МАРКЕР
контрольное поле 02942nam0a2200493 4500
001 - ИДЕНТИФИКАТОР ЗАПИСИ
контрольное поле RU\NLR\bibl\1450434
005 - ИДЕНТИФИКАТОР ВЕРСИИ
контрольное поле 20260407070841.0
010 ## - МЕЖДУНАРОДНЫЙ СТАНДАРТНЫЙ НОМЕР КНИГИ (ISBN)
Номер (ISBN) 978-5-88086-846-9
Тираж 300
021 ## - НОМЕР ГОСУДАРСТВЕННОЙ РЕГИСТРАЦИИ
Код страны Российская Федерация
Номер 2009-84871
Номер Листа государственной регистраци 5338
035 ## - ДРУГИЕ СИСТЕМНЫЕ НОМЕРА
Идентификатор записи (nilc)EL/0000281884
035 ## - ДРУГИЕ СИСТЕМНЫЕ НОМЕРА
Идентификатор записи RU/Архангельская ОНБ/DOLIB/108978
035 ## - ДРУГИЕ СИСТЕМНЫЕ НОМЕРА
Идентификатор записи (NLR Aleph) 001442256
100 ## - ДАННЫЕ ОБЩЕЙ ОБРАБОТКИ
Данные общей обработки 20090716d2009 |||y0rusy50 ca
101 0# - ЯЗЫК РЕСУРСА
Язык текста, звукозаписи и т.д. русский
102 ## - СТРАНА ПУБЛИКАЦИИ ИЛИ ПРОИЗВОДСТВА
Страна публикации Российская Федерация
105 ## - ПОЛЕ КОДИРОВАННЫХ ДАННЫХ: ТЕКСТОВЫЕ МАТЕРИАЛЫ, МОНОГРАФИЧЕСКИЕ
Кодированные данные о монографическом текстовом документе a |||||||||
200 1# - ЗАГЛАВИЕ И СВЕДЕНИЯ ОБ ОТВЕТСТВЕННОСТИ
Основное заглавие Очерки психофизиологии детей с синдромом дефицита внимания с гиперактивностью
Первые сведения об ответственности [А. В. Грибанов, Ю. С. Джос, Н. В. Афанасенкова и др.
Последующие сведения об ответственности А.В. Грибанов (отв. ред.)]
-- Федер. агентство по образованию, Гос. образоват. учреждение высш. проф. образования "Помор. гос. у-т им. М. В. Ломоносова", Ин-т развития ребенка
210 ## - ПУБЛИКАЦИЯ, РАСПРОСТРАНЕНИЕ И ДР.
Место издания, распространения и т.д. Архангельск
Имя издателя, распространителя и т. д. Поморский университет
Дата издания, распространения и т.д. 2009
215 ## - ФИЗИЧЕСКАЯ ХАРАКТЕРИСТИКА
Специфическое обозначение материала и объем 239, [2] с.
Другие сведения о физической характеристике ил.
Размеры 21
300 ## - ОБЩИЕ ПРИМЕЧАНИЯ
Текст примечания Авт. указаны на обороте тит.л.
320 ## - ПРИМЕЧАНИЯ О НАЛИЧИИ В ДОКУМЕНТЕ БИБЛИОГРАФИИ / УКАЗАТЕЛЯ
Текст примечания Библиогр. в конце глав
606 1# - НАИМЕНОВАНИЕ ТЕМЫ КАК ПРЕДМЕТ
Наименование темы Дети
Тематический подзаголовок Внимание
-- Расстройства при синдроме гиперактивности
Системный номер авторитетной/нормативной записи 2239329
Идентификатор авторитетной/нормативной записи RU\NLR\auth\661343779
606 1# - НАИМЕНОВАНИЕ ТЕМЫ КАК ПРЕДМЕТ
Наименование темы Дети с синдромом дефицита внимания с гиперактивностью
Тематический подзаголовок Психологические исследования
Системный номер авторитетной/нормативной записи 2519229
Идентификатор авторитетной/нормативной записи RU\NLR\auth\661492945
686 ## - ИНДЕКСЫ ДРУГИХ КЛАССИФИКАЦИЙ
Индекс 15.81.61
-- 76.29.47
Код системы
686 ## - ИНДЕКСЫ ДРУГИХ КЛАССИФИКАЦИЙ
Индекс 88.482
Издание LBC/PL
Код системы
686 ## - ИНДЕКСЫ ДРУГИХ КЛАССИФИКАЦИЙ
Индекс 57.336.14
Издание LBC/PL
Код системы
686 ## - ИНДЕКСЫ ДРУГИХ КЛАССИФИКАЦИЙ
Индекс Ю983
686 ## - ИНДЕКСЫ ДРУГИХ КЛАССИФИКАЦИЙ
Индекс Ю948.2
686 ## - ИНДЕКСЫ ДРУГИХ КЛАССИФИКАЦИЙ
Индекс Р733.64-323.3
701 #1 - ИМЯ ЛИЦА - АЛЬТЕРНАТИВНАЯ ОТВЕТСТВЕННОСТЬ
Начальный элемент ввода Грибанов
Часть имени, кроме начального элемента ввода А. В.
Расширение инициалов личного имени Анатолий Владимирович
Код отношения Автор
701 #1 - ИМЯ ЛИЦА - АЛЬТЕРНАТИВНАЯ ОТВЕТСТВЕННОСТЬ
Начальный элемент ввода Джос
Часть имени, кроме начального элемента ввода Ю. С.
Расширение инициалов личного имени Юлия Сергеевна
Код отношения Автор
701 #1 - ИМЯ ЛИЦА - АЛЬТЕРНАТИВНАЯ ОТВЕТСТВЕННОСТЬ
Код отношения Автор
Начальный элемент ввода Афанасенкова
Часть имени, кроме начального элемента ввода Н. В.
Дополнения к именам, кроме дат канд. мед. наук, физ. воспитание
Расширение инициалов личного имени Наталия Владимировна
Системный номер авторитетной/нормативной записи 156392
Идентификатор авторитетной/нормативной записи RU\NLR\AUTH\770156431
701 #1 - ИМЯ ЛИЦА - АЛЬТЕРНАТИВНАЯ ОТВЕТСТВЕННОСТЬ
Начальный элемент ввода Афанасенкова
Часть имени, кроме начального элемента ввода Н. В.
Дополнения к именам, кроме дат канд. мед. наук, физ. воспитание
Расширение инициалов личного имени Наталия Владимировна
Системный номер авторитетной/нормативной записи 156392
Идентификатор авторитетной/нормативной записи RU\NLR\AUTH\770156431
712 02 - НАИМЕНОВАНИЕ ОРГАНИЗАЦИИ - ВТОРИЧНАЯ ОТВЕТСТВЕННОСТЬ
Код отношения Прочие
Начальный элемент ввода Поморский государственный университет им. М. В. Ломоносова
Структурное подразделение Институт развития ребенка
Идентифицирующий признак Архангельск
Системный номер авторитетной/нормативной записи 567054
Идентификатор авторитетной/нормативной записи RU\NLR\AUTH\8810034371
801 #0 - ИСТОЧНИК ЗАПИСИ
Страна Российская Федерация
Организация Архангельская ОНБ
Дата составления 20090716
Правила каталогизации PSBO
801 #1 - ИСТОЧНИК ЗАПИСИ
Страна Российская Федерация
Организация Архангельская ОНБ
Дата составления 20090716
Правила каталогизации PSBO
801 #2 - ИСТОЧНИК ЗАПИСИ
Страна Российская Федерация
Организация Архангельская ОНБ
Дата составления 20090716
Правила каталогизации PSBO
801 #2 - ИСТОЧНИК ЗАПИСИ
Страна Российская Федерация
Организация NLR
Дата составления 20091210
Правила каталогизации rcr
942 ## - ДОПОЛНИТЕЛЬНЫЕ ЭЛЕМЕНТЫ ЗАПИСИ (АБИС)
Тип экземпляра АБИС Книга
980 ## - КОЛЛЕКЦИЯ
Название коллекции Национальная библиография
980 ## - КОЛЛЕКЦИЯ
Название коллекции НБР
Экземпляры
Тип экземпляра Дата поступления Источник поступления Библиотека постоянного хранения Библиотека текущего хранения Место хранения Шифр хранения Штрих-код Статус экземпляра
Книга 10.12.2009 Обязательный экземпляр РНБ (Московский) РНБ (Московский) Русский книжный фонд: издания с 1957 года 2009-3/40334 1-1099397  
Книга 10.12.2009 Обязательный экземпляр РНБ (Московский) РНБ (Московский) Русский книжный фонд: издания с 1957 года 2009-3/40334 3061555